1374 1352 1791 1429 1026 1180 1587 1551 1991 1060 1361 1077 1305 1758 1276 1912 1185 1041 1964 1573 1552 1848 1784 1402 1311 1175 1464 1484 1760 1278 1719 1686 1453 1881 1197 1407 1207 1889 1653 1765 1753 1638 1191 1986 1363 1987 1453 1988 1399 1323 1321 1345 1984 1519 1524 1602 1222 1493 1360 1365 1742 1806 1023 1100 1661 1018 1152 1510 1598 1774 1312 1398 1615 1949 1369 1699 1665 1305 1297 1110 1829 1941 1493 1117 1480 1212 1266 1327 1502 1856 1590 1983 1059 1943 1693 1315 1182 1503 1706 BCNSPRNW ULIB Ver.6.0+V

เปลี่ยนเป็นภาษาไทย

Change to English
 แสดงรายละเอียดบรรณานุกรม
  กลับหน้าหลัก

Brief Record : Get Marc (ISO 2709) : E-mail record : QR code < ปิดหน้าต่าง
LEADER : 00000nam 2200000uu 4500
001    13399111515
003     ULIB
008    110629s2544||||th 000 0 tha d
020    9743462295
060 04 QV55^bว582ค 2544
245 00 คู่มือการใช้ยาทางอายุรกรรมและดัชนีค้นหาชื่อยา พ.ศ. 2544 /^cบรรณาธิการ, วิทยา ศรีดามา
250    พิมพ์ครั้งที่ 2
260    [กรุงเทพฯ] :^bโครงการตำราจุฬาอายุรศาสตร์ภาควิชาอายุรศาสตร์ คณะแพทยศาสตร์ จุฬาลงกรณ์มหาวิทยาลัย,^c2544
300    505, [10] หน้า ;^c26 ซม.
440  0 โครงการตำราจุฬาอายุรศาสตร์ ;^vฉบับที่ 21
650  7 การใช้ยา^vคู่มือ
650  7 การรักษาด้วยยา^vคู่มือ
650  7 ยา^xการใช้และขนาด^vคู่มือ
650  7 ยา^vบัญชีรายชื่อ
700 0  วิทยา ศรีดามา,^eบรรณาธิการ
710 2  จุฬาลงกรณ์มหาวิทยาลัย. ^bคณะแพทยศาสตร์.^bภาควิชาอายุรศาสตร์. ^bโครงการจุฬาตำราอายุรศาสตร์
945    ^p0^l0^i9988
945    ^p0^l0^i9986
945    ^p0^l0^i9984
945    ^p0^l0^i9982
945    ^p0^l0^i9981
945    ^p0^l0^i9980
945    ^p0^l0^i9987
945    ^p0^l0^i9985
945    ^p0^l0^i9983
995    กัณชพร
999    ^aใช้งานได้ทุกระบบ
รายการนี้ยังไม่มีแท็ก
คุณยังไม่ได้ล็อกอิน คุณสามารถมีกิจกรรมร่วมกับเว็บไซต์ได้ แต่ต้องล็อกอินก่อน ::
  ล็อกอิน

รายการสื่อสารสนเทศ

ลำดับที่ ประเภท เลขเรียก/บาร์โค้ด สถานที่ สถานะ
- ไม่พบข้อมูล -

BibComment


ยังไม่เคยถูกคอมเมนท์

คอมเมนท์ทรัพยากรรายการนี้
  คอมเมนท์: คู่มือการใช้ยาทาง..


 Copyright 2026. Bcnsprnw @Library